[Event "Belt and Road op-A"]
[Site "Aksu"]
[Date "2024.10.19"]
[Round "6"]
[White "Abdilkhair, Abilmansur"]
[Black "Mitic, Miroljub"]
[Result "1-0"]
[WhiteElo "2358"]
[BlackElo "2153"]
[PlyCount "55"]
[EventDate "2024.10.16"]
[EventType "swiss"]
[EventRounds "9"]
[EventCountry "CHN"]
[SourceTitle "CB43_2024"]
[Source "Chessbase"]
[SourceDate "2024.10.23"]
[SourceVersion "1"]
[SourceVersionDate "2024.10.23"]
[SourceQuality "1"]

1. e4 c5 2. Nf3 e6 3. d4 cxd4 4. Nxd4 Nf6 5. Nc3 d6 6. g4 Be7 7. g5 Nfd7 8. h4 a6 9. a4 Qc7 10. Be3 Ne5 11. Qe2 Nbd7 12. f4 Nc6 13. h5 b6 14. h6 g6 15. Qc4 Bb7 16. Nd5 Qc8 17. Nxc6 Bxc6 18. 0-0-0 exd5 19. exd5 Bb7 20. Qd4 f6 21. Bh3 0-0 22. Rhe1 Qc7 23. Be6+ Kh8 24. Bd2 Nc5 25. Bc3 Nxe6 26. Rxe6 Rf7 27. gxf6 Bf8 28. Re7 1-0

[Event "Belgrade-chT Premier"]
[Site "Belgrade"]
[Date "2024.10.11"]
[Round "3.6"]
[White "Mitic, Miroljub"]
[Black "Masic, Predrag"]
[Result "1/2-1/2"]
[WhiteElo "2153"]
[BlackElo "2177"]
[PlyCount "106"]
[EventDate "2024.10.09"]
[EventType "team-tourn"]
[EventRounds "11"]
[EventCountry "SRB"]
[SourceTitle "CB44_2024"]
[Source "Chessbase"]
[SourceDate "2024.10.30"]
[SourceVersion "1"]
[SourceVersionDate "2024.10.30"]
[SourceQuality "1"]
[WhiteTeam "Belgrade Zmaj II"]
[BlackTeam "Belgrade Crvena Zvezda"]
[WhiteTeamCountry "SRB"]
[BlackTeamCountry "SRB"]

1. Nf3 d5 2. d4 Nf6 3. Bf4 g6 4. h3 Bg7 5. e3 0-0 6. Bd3 c5 7. c3 Nc6 8. 0-0 Qb6 9. Qc1 Be6 10. dxc5 Qxc5 11. Nbd2 Rac8 12. Nb3 Qb6 13. Nbd4 Bd7 14. Ne5 Rfd8 15. Nxd7 Nxd7 16. Nxc6 bxc6 17. Qc2 Nc5 18. Be2 e5 19. Bg3 Ne4 20. Bh2 f5 21. Bf3 Nd6 22. Be2 Nf7 23. Qb3 Qc5 24. Qb4 Qb6 25. Qxb6 axb6 26. Rfd1 Nd6 27. Kf1 Ra8 28. a3 b5 29. Ke1 Ra4 30. f3 Re8 31. Kf2 Nf7 32. Rd2 Bh6 33. Bd1 Ra7 34. Bb3 e4 35. f4 Bg7 36. g4 Bf6 37. gxf5 gxf5 38. Rg1+ Kf8 39. Ke1 Ke7 40. Rdg2 Raa8 41. Bg3 Nd6 42. Kd1 Ke6 43. Kc2 c5 44. Kc1 c4 45. Bc2 Nb7 46. Be1 Nc5 47. Kd2 Nd3 48. Bxd3 cxd3 49. Kc1 Rec8 50. Kb1 Kf7 51. Bd2 Re8 52. Rg3 Rec8 53. R3g2 Re8 1/2-1/2

[Event "Belgrade-chT Quality"]
[Site "Belgrade"]
[Date "2019.10.26"]
[Round "7.4"]
[White "Keserovic, Milan"]
[Black "Mitic, Miroljub"]
[Result "0-1"]
[WhiteElo "2156"]
[BlackElo "2200"]
[PlyCount "53"]
[EventDate "2019.10.05"]
[EventType "team-tourn"]
[EventRounds "11"]
[EventCountry "SRB"]
[SourceTitle "EXT 2022"]
[Source "ChessBase"]
[SourceDate "2021.10.06"]
[SourceVersion "1"]
[SourceVersionDate "2021.10.06"]
[SourceQuality "1"]
[WhiteTeam "Romanticari"]
[BlackTeam "Belgrade Politika"]
[WhiteTeamCountry "SRB"]
[BlackTeamCountry "SRB"]

1. e4 c5 2. Nf3 e6 3. Nc3 a6 4. g3 Qc7 5. Bg2 Nc6 6. 0-0 d6 7. d4 cxd4 8. Nxd4 Bd7 9. a4 Nf6 10. Nb3 Be7 11. Qe2 0-0 12. f4 Rfe8 13. Be3 Na5 14. Nxa5 Qxa5 15. Kh1 Bc6 16. Qd3 Rad8 17. Bg1 d5 18. e5 Nd7 19. Bd4 g6 20. Qe3 Bc5 21. Ne2 Rc8 22. c3 Bxd4 23. Nxd4 Qc7 24. b4 Nb6 25. a5 Nc4 26. Qf2 Qd7 27. Rfc1 0-1

[Event "Belgrade-chT Quality"]
[Site "Belgrade"]
[Date "2019.10.19"]
[Round "5.4"]
[White "Mitic, Miroljub"]
[Black "Protic, Dusan"]
[Result "1-0"]
[WhiteElo "2200"]
[BlackElo "2011"]
[PlyCount "83"]
[EventDate "2019.10.05"]
[EventType "team-tourn"]
[EventRounds "11"]
[EventCountry "SRB"]
[SourceTitle "EXT 2022"]
[Source "ChessBase"]
[SourceDate "2021.10.06"]
[SourceVersion "1"]
[SourceVersionDate "2021.10.06"]
[SourceQuality "1"]
[WhiteTeam "Belgrade Politika"]
[BlackTeam "Borca"]
[WhiteTeamCountry "SRB"]
[BlackTeamCountry "SRB"]

1. d4 Nc6 2. Bf4 d6 3. Nf3 Nf6 4. h3 g6 5. e3 Bg7 6. c4 0-0 7. Nc3 a6 8. Be2 Qe8 9. Bh2 Bf5 10. 0-0 e5 11. d5 Ne7 12. Rc1 h6 13. Nh4 g5 14. Nxf5 Nxf5 15. Qc2 Qd7 16. Bd3 Nh4 17. Bg3 Kh8 18. Bxh4 gxh4 19. Bf5 Qe7 20. Kh1 Rae8 21. Ne4 Nxe4 22. Qxe4 Rg8 23. Bh7 Rgf8 24. b4 b6 25. Rc2 Qg5 26. Bf5 Bf6 27. c5 bxc5 28. bxc5 Be7 29. cxd6 Bxd6 30. Rb1 Rg8 31. Rcb2 Qf6 32. Bh7 Rgf8 33. Kg1 Qe7 34. Bf5 Rg8 35. Rb7 Bc5 36. Bg4 Rd8 37. Be2 Rg5 38. Rb8 Bd6 39. Kh1 f5 40. Qxh4 Kh7 41. Rxd8 Qxd8 42. f4 1-0

[Event "Belgrade-chT"]
[Site "Belgrade"]
[Date "2016.10.17"]
[Round "9.7"]
[White "Mitic, Miroljub"]
[Black "Krstic, Milos M"]
[Result "1-0"]
[WhiteElo "2156"]
[BlackElo "1971"]
[PlyCount "91"]
[EventDate "2016.10.08"]
[EventType "team-tourn"]
[EventRounds "13"]
[EventCountry "SRB"]
[SourceTitle "CBM 175 Extra"]
[Source "ChessBase"]
[SourceDate "2016.12.12"]
[SourceVersion "1"]
[SourceVersionDate "2016.12.12"]
[SourceQuality "1"]
[WhiteTeam "Politika"]
[BlackTeam "Delfin"]
[WhiteTeamCountry "SRB"]
[BlackTeamCountry "SRB"]

1. d4 d5 2. Nf3 Nf6 3. c4 c6 4. cxd5 cxd5 5. Nc3 Nc6 6. Bf4 e6 7. e3 a6 8. Bd3 Bd6 9. Bg5 h6 10. Bh4 b5 11. Rc1 Bd7 12. 0-0 b4 13. Na4 Ne7 14. Nc5 Bxc5 15. Rxc5 Ne4 16. Bxe4 dxe4 17. Ne5 Bb5 18. Nc6 Bxc6 19. Bxe7 Qxe7 20. Rxc6 0-0 21. Qc2 Ra7 22. Qxe4 Rd8 23. Rfc1 Qd7 24. h3 a5 25. Qc2 Rf8 26. Qc4 Re8 27. Rc7 Rxc7 28. Qxc7 Qd5 29. Qc6 Qxc6 30. Rxc6 Ra8 31. Kf1 Kf8 32. Ke2 Ke7 33. Rc7+ Kf6 34. Kd3 g5 35. Rc5 Ke7 36. Kc4 Kd6 37. f3 f5 38. Kd3 a4 39. Rb5 b3 40. axb3 axb3 41. Rxb3 Ra1 42. Rb6+ Kd7 43. g4 fxg4 44. hxg4 Rf1 45. Rb7+ Kd6 46. Rh7 1-0

[Event "Belgrade-chT"]
[Site "Belgrade"]
[Date "2016.10.16"]
[Round "8.2"]
[White "Perovic, Zivojin"]
[Black "Mitic, Miroljub"]
[Result "1/2-1/2"]
[WhiteElo "2203"]
[BlackElo "2156"]
[PlyCount "94"]
[EventDate "2016.10.08"]
[EventType "team-tourn"]
[EventRounds "13"]
[EventCountry "SRB"]
[SourceTitle "CBM 175 Extra"]
[Source "ChessBase"]
[SourceDate "2016.12.12"]
[SourceVersion "1"]
[SourceVersionDate "2016.12.12"]
[SourceQuality "1"]
[WhiteTeam "Belgrade"]
[BlackTeam "Politika"]
[WhiteTeamCountry "SRB"]
[BlackTeamCountry "SRB"]

1. e4 c5 2. Nf3 e6 3. c4 Nc6 4. Nc3 d6 5. d4 cxd4 6. Nxd4 Nxd4 7. Qxd4 Nf6 8. Be2 a6 9. Be3 Be7 10. 0-0 0-0 11. f3 Qc7 12. Rfd1 Bd7 13. Rac1 Rac8 14. Qd2 Rfd8 15. Bf1 Bc6 16. Nd5 exd5 17. cxd5 Qd7 18. dxc6 Rxc6 19. Rxc6 Qxc6 20. Rc1 Qe8 21. Qc3 h6 22. Bb6 Rb8 23. Qc7 d5 24. Ba7 Ra8 25. Qxb7 dxe4 26. fxe4 Nxe4 27. Re1 Qf8 28. Bd4 f5 29. Bc4+ Kh7 30. Rxe4 fxe4 31. Qxe4+ g6 32. Bd3 Qe8 33. h4 Rc8 34. h5 Rc1+ 35. Kh2 Bd6+ 36. g3 Qxe4 37. Bxe4 Rc7 38. hxg6+ Kg8 39. Bd5+ Kf8 40. Kh3 Rg7 41. Be4 Rd7 42. Bf5 Re7 43. Bd3 a5 44. Bb6 Re5 45. Bd4 Rg5 46. g4 Be5 47. Be3 Bxb2 1/2-1/2

[Event "Belgrade tt Cup"]
[Site "Belgrade"]
[Date "2015.04.24"]
[Round "4.4"]
[White "Mitic, Miroljub"]
[Black "Vujosevic, Dimitrije"]
[Result "1-0"]
[WhiteElo "2198"]
[BlackElo "1752"]
[PlyCount "87"]
[EventDate "2015.04.20"]
[EventType "team-swiss"]
[EventRounds "5"]
[EventCountry "SRB"]
[SourceTitle "CBM 166 Extra"]
[Source "ChessBase"]
[SourceDate "2015.06.18"]
[SourceVersion "1"]
[SourceVersionDate "2015.06.18"]
[SourceQuality "1"]
[WhiteTeam "Politika"]
[BlackTeam "Vreoci Turbina"]
[WhiteTeamCountry "SRB"]
[BlackTeamCountry "SRB"]

1. d4 Nf6 2. c4 e6 3. Nc3 b6 4. Nf3 Bb7 5. e3 d5 6. Bd2 Nbd7 7. cxd5 exd5 8. Bd3 c5 9. 0-0 Be7 10. Ne2 c4 11. Bb1 Ne4 12. Ng3 Ndf6 13. Ne5 Nxd2 14. Qxd2 Ne4 15. Nxe4 dxe4 16. Nxc4 Qd5 17. Qe2 0-0 18. Nd2 f5 19. Bc2 Kh8 20. Bb3 Qd7 21. g3 a5 22. Rfc1 b5 23. a4 b4 24. Bc4 Rf6 25. Bb5 Qd8 26. Rc2 Rh6 27. Rac1 Bd5 28. Bc6 Bxc6 29. Rxc6 Rxc6 30. Rxc6 Qe8 31. Qc4 h6 32. Qe6 Qf8 33. Nc4 Re8 34. Ne5 Kh7 35. Nd7 Qg8 36. Qxf5+ g6 37. Qxe4 Bd8 38. Ne5 Re6 39. Qd5 Rxc6 40. Qxg8+ Kxg8 41. Nxc6 Bc7 42. h4 Kf7 43. Kf1 Ke6 44. b3 1-0

[Event "Belgrade tt Cup"]
[Site "Belgrade"]
[Date "2015.04.22"]
[Round "3.3"]
[White "Mitic, Miroljub"]
[Black "Kuzmanovic, Aleksa"]
[Result "0-1"]
[WhiteElo "2198"]
[BlackElo "2052"]
[PlyCount "72"]
[EventDate "2015.04.20"]
[EventType "team-swiss"]
[EventRounds "5"]
[EventCountry "SRB"]
[SourceTitle "CBM 166 Extra"]
[Source "ChessBase"]
[SourceDate "2015.06.18"]
[SourceVersion "1"]
[SourceVersionDate "2015.06.18"]
[SourceQuality "1"]
[WhiteTeam "Politika"]
[BlackTeam "Tadic"]
[WhiteTeamCountry "SRB"]
[BlackTeamCountry "SRB"]

1. d4 Nf6 2. c4 g6 3. Nc3 d5 4. Qb3 dxc4 5. Qxc4 Bg7 6. Nf3 0-0 7. e4 Bg4 8. Be2 Nfd7 9. Bf4 Nc6 10. Rd1 Nb6 11. Qc5 Bxf3 12. Bxf3 Nxd4 13. Qxc7 Qxc7 14. Bxc7 Nxf3+ 15. gxf3 Nc4 16. Rd7 e6 17. Nb5 a6 18. Na3 Nxb2 19. Ke2 b5 20. Ba5 Rfc8 21. f4 Bf8 22. Nb1 Rc2+ 23. Kf3 Nc4 24. Bc3 Bc5 25. Rf1 Na3 26. Bf6 Nxb1 27. Rxb1 Rxf2+ 28. Kg3 Rc2 29. Rbd1 Bf8 30. Rb7 Bg7 31. Bd8 Rac8 32. Ba5 Rxa2 33. Be1 Ra1 34. Rxa1 Bxa1 35. Ra7 Bc3 36. Bf2 b4 0-1

[Event "Belgrade tt Cup"]
[Site "Belgrade"]
[Date "2015.04.21"]
[Round "2.2"]
[White "Mitic, Miroljub"]
[Black "Kuburovic, Nenad"]
[Result "1-0"]
[WhiteElo "2198"]
[BlackElo "990"]
[PlyCount "53"]
[EventDate "2015.04.20"]
[EventType "team-swiss"]
[EventRounds "5"]
[EventCountry "SRB"]
[SourceTitle "CBM 166 Extra"]
[Source "ChessBase"]
[SourceDate "2015.06.18"]
[SourceVersion "1"]
[SourceVersionDate "2015.06.18"]
[SourceQuality "1"]
[WhiteTeam "Politika"]
[BlackTeam "Usce"]
[WhiteTeamCountry "SRB"]
[BlackTeamCountry "SRB"]

1. d4 d5 2. Nf3 e6 3. c4 Nf6 4. Nc3 c6 5. Bg5 h6 6. Bh4 g5 7. Bg3 dxc4 8. a4 Bb4 9. e3 b5 10. Be2 Bb7 11. 0-0 a6 12. Qc2 Nbd7 13. Ne5 Qb6 14. f4 Be7 15. f5 Nf8 16. fxe6 fxe6 17. Ng6 Rg8 18. Nxe7 Kxe7 19. Rxf6 Kxf6 20. Ne4+ Ke7 21. Bd6+ Kd8 22. Nc5 Kc8 23. Qe4 Qd8 24. Qe5 Qe8 25. Bg4 Rg6 26. Bxf8 Qxf8 27. Bxe6+ 1-0

[Event "Belgrade-chT"]
[Site "Belgrade"]
[Date "2014.09.26"]
[Round "7.5"]
[White "Mitic, Miroljub"]
[Black "Ravic, Nenad"]
[Result "0-1"]
[WhiteElo "2235"]
[BlackElo "2292"]
[PlyCount "49"]
[EventDate "2014.09.20"]
[EventType "team-tourn"]
[EventRounds "11"]
[EventCountry "SRB"]
[SourceTitle "CBM 162 Extra"]
[Source "ChessBase"]
[SourceDate "2014.10.17"]
[SourceVersion "1"]
[SourceVersionDate "2014.10.17"]
[SourceQuality "1"]
[WhiteTeam "Politika"]
[BlackTeam "Belgrade Sigurnost"]
[WhiteTeamCountry "SRB"]
[BlackTeamCountry "SRB"]

1. d4 Nf6 2. c4 g6 3. Nc3 Bg7 4. e4 d6 5. f3 0-0 6. Be3 Nbd7 7. Qd2 c5 8. d5 Ne5 9. Bd3 a6 10. a4 Qa5 11. Ra2 Nfd7 12. Kf2 Nxd3+ 13. Qxd3 Ne5 14. Qe2 f5 15. Bd2 Qb4 16. Nh3 Nxc4 17. Be1 Bd4+ 18. Kf1 Ne3+ 19. Kf2 Qb3 20. Bd2 Nc4+ 21. Kg3 Nxd2 22. Qxd2 f4+ 23. Nxf4 Be5 24. Ra3 Qb4 25. Qc2 0-1

[Event "Belgrade City-chT"]
[Site "Belgrade"]
[Date "2013.11.13"]
[Round "9"]
[White "Djurasevic, Branislav"]
[Black "Mitic, Miroljub"]
[Result "0-1"]
[WhiteElo "2128"]
[BlackElo "2256"]
[PlyCount "78"]
[EventDate "2013.10.26"]
[EventType "team-tourn"]
[EventRounds "11"]
[EventCountry "SRB"]
[SourceTitle "EXT 2015"]
[Source "ChessBase"]
[SourceDate "2014.11.20"]
[SourceVersion "1"]
[SourceVersionDate "2014.11.20"]
[SourceQuality "1"]

1. e4 c5 2. Nf3 e6 3. c3 Nf6 4. d3 d6 5. g3 Nc6 6. Bg2 Be7 7. 0-0 0-0 8. Re1 Qc7 9. a3 Re8 10. b4 Bd7 11. bxc5 dxc5 12. e5 Nd5 13. c4 Nb6 14. Bb2 Rad8 15. Nc3 Bc8 16. Qe2 Bf8 17. Rad1 Rd7 18. Ne4 Red8 19. h4 Na4 20. Ba1 a6 21. h5 h6 22. g4 Nd4 23. Qd2 Nxf3+ 24. Bxf3 Rxd3 25. Qe2 Rxd1 26. Rxd1 Rxd1+ 27. Qxd1 Qd7 28. Nd6 b5 29. Nxc8 Qxc8 30. Be2 Qc6 31. Bf3 Qc7 32. Qb3 Qa5 33. Kf1 bxc4 34. Qxc4 Nb6 35. Qc3 Qa4 36. Qd3 c4 37. Qd4 Qxa3 38. Qc3 Nd5 39. Qxa3 Bxa3 0-1

[Event "Belgrade-chT"]
[Site "Belgrade"]
[Date "2012.10.07"]
[Round "6.1"]
[White "Dakic, Dejan"]
[Black "Mitic, Miroljub"]
[Result "1/2-1/2"]
[WhiteElo "2037"]
[BlackElo "2270"]
[PlyCount "21"]
[EventDate "2012.10.01"]
[EventType "team-tourn"]
[EventRounds "11"]
[EventCountry "SRB"]
[SourceTitle "CBM 150 Extra"]
[Source "ChessBase"]
[SourceDate "2012.10.19"]
[SourceVersion "1"]
[SourceVersionDate "2012.10.19"]
[SourceQuality "1"]
[WhiteTeam "Belgrade Cukaricki"]
[BlackTeam "Obilic"]
[WhiteTeamCountry "SRB"]
[BlackTeamCountry "SRB"]

1. e4 c5 2. Nc3 e6 3. Nf3 Nc6 4. d4 cxd4 5. Nxd4 d6 6. Bc4 Nf6 7. Bb3 Be7 8. Be3 0-0 9. 0-0 Na5 10. f4 Nxb3 11. axb3 1/2-1/2

[Event "SRB-chT quality"]
[Site "Belgrade"]
[Date "2010.10.27"]
[Round "7"]
[White "Maksimovic, Marko"]
[Black "Mitic, Miroljub"]
[Result "1/2-1/2"]
[WhiteElo "2194"]
[BlackElo "2261"]
[PlyCount "81"]
[EventDate "2010.10.09"]
[EventType "team-tourn"]
[EventRounds "11"]
[EventCountry "YUG"]
[SourceTitle "EXT 2011"]
[Source "ChessBase"]
[SourceDate "2010.11.26"]
[SourceVersion "1"]
[SourceVersionDate "2010.11.26"]
[SourceQuality "1"]

1. d4 d5 2. Bf4 Nf6 3. e3 Bf5 4. c4 e6 5. Nc3 c6 6. Qb3 Qb6 7. c5 Qxb3 8. axb3 Nbd7 9. h3 a6 10. b4 Rc8 11. g4 Bg6 12. f3 Be7 13. Kd2 0-0 14. Bg2 Ne8 15. Nge2 f6 16. Bg3 Bd8 17. e4 Bc7 18. exd5 exd5 19. f4 f5 20. g5 Bf7 21. Nc1 Bd8 22. Nb3 Nc7 23. h4 Ne6 24. Rad1 Bc7 25. Rhe1 Rfe8 26. Re3 Nef8 27. Rxe8 Rxe8 28. Kd3 Ng6 29. h5 Ne7 30. Rh1 Nf8 31. Ne2 Ne6 32. Nd2 Rb8 33. Nf3 b6 34. Kc2 a5 35. cxb6 Bxb6 36. bxa5 Bxa5 37. Ne5 Be8 38. h6 Bb6 39. Bf2 c5 40. dxc5 Nxc5 41. Nc3 1/2-1/2

[Event "Belgrade CupT final"]
[Site "Belgrade"]
[Date "2008.04.12"]
[Round "4"]
[White "Nestorovic, Lazar"]
[Black "Mitic, Miroljub"]
[Result "1-0"]
[WhiteElo "2248"]
[BlackElo "2264"]
[PlyCount "57"]
[EventDate "2008.04.09"]
[EventType "team-swiss"]
[EventRounds "5"]
[EventCountry "SRB"]
[SourceTitle "EXT 2023"]
[Source "ChessBase"]
[SourceDate "2022.10.05"]
[SourceVersion "1"]
[SourceVersionDate "2022.10.05"]
[SourceQuality "1"]

1. e4 c5 2. Nf3 e6 3. d4 cxd4 4. Nxd4 Nc6 5. Nc3 d6 6. Be3 Qc7 7. f3 a6 8. Qd2 Nf6 9. g4 Be7 10. 0-0-0 0-0 11. Kb1 b5 12. g5 Nd7 13. h4 b4 14. Nce2 Nxd4 15. Nxd4 Ne5 16. h5 Bd7 17. f4 Nc4 18. Bxc4 Qxc4 19. f5 exf5 20. exf5 Rfe8 21. Rdg1 Bf8 22. g6 fxg6 23. hxg6 h6 24. Bxh6 Re4 25. f6 gxf6 26. Bxf8 Kxf8 27. Rh8+ Ke7 28. Rxa8 Rxd4 29. Qh6 1-0